| 000 | 00483nam a2200169 i 4500 | ||
|---|---|---|---|
| 001 | 60921 | ||
| 003 | ES-MaACL | ||
| 005 | 20230906164331.0 | ||
| 007 | t| | ||
| 008 | 031107s1962 sp |||| | spa d | ||
| 100 | 1 |
_aEsteras Gil, Santiago. _948117 |
|
| 245 | 1 | 3 |
_aLa fiesta de los toros y sus tristes verdades / _cpor Santiago Esteras Gil. |
| 260 |
_aLogroƱo : _bOchoa, _c1962. |
||
| 300 |
_a311 p. ; _c17 cm. |
||
| 650 | 4 |
_aCorridas de toros. _911370 |
|
| 852 |
_aES-MaACL _jC-22755 |
||
| 999 |
_c60921 _d60921 |
||